[Event "NED-ch Women 2021"]
[Site "Hoogeveen"]
[Date "2021.10.21"]
[Round "5.4"]
[White "Lanchava, Tea"]
[Black "Keetman, Maaike"]
[Result "1-0"]
[WhiteElo "2214"]
[BlackElo "2145"]
[Annotator "ChessBase"]
[PlyCount "143"]
[EventDate "2021.10.17"]
[EventType "tourn"]
[EventCountry "NED"]
[SourceTitle "playchess.com"]
[Source "ChessBase"]
[SourceQuality "1"]
[TimeControl "40/5400+30:1800+30"]

1. c4 {[%emt 0:00:08]} e5 {[%emt 0:00:08]} 2. Nc3 {[%emt 0:00:36]} Nf6 {[%emt 0:00:13]} 3. Nf3 {[%emt 0:03:41]} Nc6 {[%emt 0:00:26]} 4. e3 {[%emt 0:02:14]} Be7 {[%emt 0:00:18]} 5. d4 {[%emt 0:05:31]} exd4 {[%emt 0:01:42]} 6. exd4 {[%emt 0:04:37]} d5 {[%emt 0:00:53]} 7. c5 {[%emt 0:03:12]} O-O {[%emt 0:07:33]} 8. Bb5 {[%emt 0:02:41]} Bg4 {[%emt 0:18:51]} 9. Bxc6 {[%emt 0:01:06]} bxc6 {[%emt 0:00:14]} 10. Qd3 {[%emt 0:01:09]} Bxf3 {[%emt 0:17:50]} 11. Qxf3 {[%emt 0:03:51]} Ne4 {[%emt 0:00:11]} 12. O-O {[%emt 0:10:05]} f5 {[%emt 0:01:24]} 13. Ne2 {[%emt 0:06:51]} Qd7 {[%emt 0:05:34]} 14. Qd3 {[%emt 0:00:32]} Rab8 {[%emt 0:02:32]} 15. f3 {[%emt 0:00:51]} Ng5 {[%emt 0:01:12]} 16. b3 {[%emt 0:04:17]} Ne6 {[%emt 0:10:18]} 17. f4 {[%emt 0:06:35]} Bf6 {[%emt 0:03:36]} 18. Bd2 {[%emt 0:00:37]} g6 {[%emt 0:01:23]} 19. Bc3 {[%emt 0:02:52]} Rfe8 {[%emt 0:00:58]} 20. Rae1 {[%emt 0:01:30]} Qg7 {[%emt 0:03:11]} 21. h3 {[%emt 0:00:36]} h5 {[%emt 0:03:36]} 22. g3 {[%emt 0:04:46]} Re7 {[%emt 0:00:59]} 23. Rd1 {[%emt 0:13:23]} Rbe8 {[%emt 0:01:05]} 24. Qa6 {[%emt 0:08:47]} Nd8 {[%emt 0:05:23]} 25. Rf2 {[%emt 0:00:51]} Re3 {[%emt 0:01:07]} 26. Kf1 {[%emt 0:06:12]} h4 {[%emt 0:06:18]} 27. Bd2 {[%emt 0:00:32]} hxg3 {[%emt 0:01:04]} 28. Bxe3 {[%emt 0:00:04]} gxf2 {[%emt 0:01:16]} 29. Bxf2 {[%emt 0:00:04]} Re4 {[%emt 0:00:41]} 30. Qxa7 {[%emt 0:01:44]} Qh6 {[%emt 0:05:34]} 31. Rd3 {[%emt 0:00:53]} Qh5 {[%emt 0:00:00]} 32. Ng1 {[%emt 0:01:28]} Ne6 {[%emt 0:00:00]} 33. Qa8+ {[%emt 0:00:49]} Kg7 {[%emt 0:00:00]} 34. Qxc6 {[%emt 0:00:18]} Nxf4 {[%emt 0:00:00]} 35. Qxc7+ {[%emt 0:00:20]} Kh6 {[%emt 0:00:00]} 36. Be3 {[%emt 0:01:39]} Rxe3 {[%emt 0:00:00]} 37. Qxf4+ {[%emt 0:01:22]} Bg5 {[%emt 0:00:00]} 38. Qb8 {[%emt 0:00:04]} Kh7 {[%emt 0:01:47]} 39. Qb7+ {[%emt 0:00:41]} Re7 {[%emt 0:00:12]} 40. Qxd5 {[%emt 0:00:19]} Qh4 {[%emt 0:00:50]} 41. Kg2 {[%emt 0:30:31]} Be3 {[%emt 0:06:49]} 42. Qf3 {[%emt 0:00:00]} Bxd4 {[%emt 0:05:21]} 43. c6 {[%emt 0:00:00]} Re1 {[%emt 0:01:38]} 44. Ne2 {[%emt 0:00:00]} Qg5+ {[%emt 0:02:27]} 45. Ng3 {[%emt 0:00:00]} Be5 {[%emt 0:02:56]} 46. Kf2 {[%emt 0:00:00]} Rc1 {[%emt 0:02:36]} 47. a4 {[%emt 0:00:00]} Rc2+ {[%emt 0:08:16]} 48. Ne2 {[%emt 0:00:00]} Qh4+ {[%emt 0:00:30]} 49. Kf1 {[%emt 0:00:00]} Rb2 {[%emt 0:01:00]} 50. Rd7+ {[%emt 0:00:00]} Kh6 {[%emt 0:00:51]} 51. Qe3+ {[%emt 0:00:45]} f4 {[%emt 0:00:10]} 52. Qd3 {[%emt 0:01:48]} Rd2 {[%emt 0:03:13]} 53. Qxd2 {[%emt 0:00:41]} Qxh3+ {[%emt 0:00:01]} 54. Ke1 {[%emt 0:01:15]} Qh1+ {[%emt 0:00:09]} 55. Ng1 {[%emt 0:00:19]} Qxg1+ {[%emt 0:00:14]} 56. Ke2 {[%emt 0:00:05]} Qg2+ {[%emt 0:00:25]} 57. Kd1 {[%emt 0:00:32]} Qf3+ {[%emt 0:00:23]} 58. Qe2 {[%emt 0:02:20]} Qxc6 {[%emt 0:01:32]} 59. Qh2+ {[%emt 0:00:41]} Kg5 {[%emt 0:00:01]} 60. Rd3 {[%emt 0:00:43]} Qe4 {[%emt 0:00:58]} 61. Qe2 {[%emt 0:00:26]} Qh1+ {[%emt 0:00:28]} 62. Qe1 {[%emt 0:00:27]} Qh5+ {[%emt 0:00:25]} 63. Kc2 {[%emt 0:00:01]} Kf6 {[%emt 0:00:17]} 64. Qe4 {[%emt 0:00:32]} Qh2+ {[%emt 0:00:44]} 65. Rd2 {[%emt 0:00:01]} Qh5 {[%emt 0:01:32]} 66. a5 {[%emt 0:00:22]} Qh8 {[%emt 0:00:57]} 67. Qc6+ {[%emt 0:00:11]} Kf5 {[%emt 0:00:04]} 68. a6 {[%emt 0:00:32]} Qb8 {[%emt 0:01:26]} 69. Qd7+ {[%emt 0:00:07]} Kf6 {[%emt 0:00:16]} 70. a7 {[%emt 0:00:15]} Qb4 {[%emt 0:00:25]} 71. Qc6+ {[%emt 0:01:29]} Kf5 {[%emt 0:00:05]} 72. a8=Q {[%emt 0:00:20]} 1-0

[Event "NED-ch Women 2021"]
[Site "Hoogeveen"]
[Date "2021.10.22"]
[Round "6.1"]
[White "Van Foreest, Machteld"]
[Black "Keetman, Maaike"]
[Result "1-0"]
[WhiteElo "2132"]
[BlackElo "2145"]
[Annotator "NA"]
[PlyCount "73"]
[EventDate "2021.10.17"]
[EventType "tourn"]
[EventCountry "NED"]
[SourceTitle "playchess.com"]
[Source "ChessBase"]
[SourceQuality "1"]
[TimeControl "40/5400+30:1800+30"]

1. e4 {[%emt 0:00:18]} e6 {[%emt 0:00:09]} 2. d4 {[%emt 0:00:07]} d5 {[%emt 0:00:06]} 3. Nd2 {[%emt 0:00:14]} c5 {[%emt 0:00:10]} 4. exd5 {[%emt 0:00:02]} Qxd5 {[%emt 0:00:07]} 5. dxc5 {[%emt 0:00:16]} Nf6 {[%emt 0:00:33]} 6. Ngf3 {[%emt 0:00:14]} Qxc5 {[%emt 0:00:26]} 7. Bd3 {[%emt 0:01:19]} Be7 {[%emt 0:00:35]} 8. O-O {[%emt 0:00:56]} O-O {[%emt 0:00:48]} 9. Qe2 {[%emt 0:07:14]} Nbd7 {[%emt 0:01:13]} 10. c4 {[%emt 0:04:35]} Qc7 {[%emt 0:06:03]} 11. b3 {[%emt 0:07:11]} b6 {[%emt 0:05:00]} 12. Bb2 {[%emt 0:01:02]} Bb7 {[%emt 1:21:20]} 13. Rad1 {[%emt 0:07:44]} Rfd8 {[%emt 0:00:00]} 14. Bb1 {[%emt 0:05:19]} a5 {[%emt 0:00:00]} 15. Nd4 {[%emt 0:07:18]} Qf4 {[%emt 0:00:00]} 16. N2f3 $11 {[%emt 0:14:12]} Bc5 {[%emt 0:00:00]} 17. h3 {[%emt 0:05:56]} Nf8 {[%emt 0:00:00]} 18. Bc1 {[%emt 0:03:00]} Qc7 {[%emt 0:00:00]} 19. Nb5 {[%emt 0:08:06]} Qc6 {[%emt 0:03:30]} 20. Bc2 {[%emt 0:11:16]} Ng6 {[%emt 0:00:00]} 21. Bxg6 {[%emt 0:01:28]} hxg6 {[%emt 0:00:00]} 22. Bf4 {[%emt 0:03:10]} Ne4 {[%emt 0:00:00]} 23. Be3 {[%emt 0:01:58]} a4 {[%emt 0:00:00]} 24. Bxc5 {[%emt 0:02:53]} bxc5 {[%emt 0:00:00]} 25. Rxd8+ {[%emt 0:00:25]} Rxd8 {[%emt 0:00:00]} 26. Rd1 {[%emt 0:00:14]} Ra8 {[%emt 0:00:00]} 27. Ne5 {[%emt 0:02:07]} Qb6 {[%emt 0:00:00]} 28. Nd7 {[%emt 0:01:35]} Qc6 {[%emt 0:00:00]} 29. f3 {[%emt 0:00:45]} Nf6 {[%emt 0:00:00]} 30. Rd6 {[%emt 0:00:30]} Nxd7 {[%emt 0:00:00]} 31. Rxc6 {[%emt 0:00:05]} Bxc6 {[%emt 0:00:00]} 32. Qd2 {[%emt 0:01:39]} axb3 {[%emt 0:00:00]} 33. axb3 {[%emt 0:00:01]} Rb8 {[%emt 0:00:00]} 34. Na7 {[%emt 0:01:20]} Ne5 {[%emt 0:03:20]} 35. Nxc6 {[%emt 0:00:34]} Nxc6 {[%emt 0:00:04]} 36. Qd6 {[%emt 0:00:02]} Rc8 {[%emt 0:01:04]} 37. Qd7 {[%emt 0:00:03]} 1-0

[Event "NED-ch Women 2021"]
[Site "Hoogeveen"]
[Date "2021.10.22"]
[Round "6.2"]
[White "Roebers, Eline"]
[Black "Lanchava, Tea"]
[Result "1-0"]
[WhiteElo "2283"]
[BlackElo "2214"]
[Annotator "TA"]
[PlyCount "51"]
[EventDate "2021.10.17"]
[EventType "tourn"]
[EventCountry "NED"]
[SourceTitle "playchess.com"]
[Source "ChessBase"]
[SourceQuality "1"]

{[%evp 11,51,61,57,53,62,65,74,53,77,37,44,50,91,72,197,187,241,209,260,214,193,195,384,396,640,431,419,412,395,392,549,531,539,546,514,495,522,541,536,537,1219,1191]} 1. e4 g6 2. d4 d6 3. Nc3 a6 4. f4 Bg7 5. Nf3 b5 6. Bd3 Nd7 7. a4 {B06: Modern Defence.} c5 8. axb5 {Black must now prevent Be3.} cxd4 9. Nd5 {[%cal Bc3d5,Bd5b4,Bb4c6][%mdl 32] [#] White is better.} a5 $146 ({Predecessor:} 9... Ngf6 10. Nxf6+ Bxf6 11. bxa6 O-O 12. b4 Qb6 13. Qe2 Qxb4+ 14. Bd2 Qb6 15. O-O Bxa6 16. Rxa6 Rxa6 17. Bxa6 {0-1 (51) Kerigan,D (2353)-Yilmazyerli,M (2443) Gebze 2016}) 10. Be2 e6 {[#]} 11. Nb4 {[%mdl 64] Pin} Qb6 (11... Bb7 12. Nc6) 12. Nc6 $36 {[%cal Rc6d4][%mdl 2048] Keeping Black busy.} Nc5 {This costs Black the game.} (12... Bb7 $16) 13. e5 $18 ({Don't play} 13. Nfxd4 $6 Nxe4 14. Be3 Qc7 $16) 13... dxe5 (13... d3 {might work better.}) 14. fxe5 Bb7 15. Qxd4 Bxc6 16. bxc6 Rd8 $2 (16... Qxc6 17. b4 Nd7 18. Rxa5 (18. bxa5 Ne7 $16) 18... Rxa5 19. bxa5 Bf8) 17. Qc3 Bh6 (17... Rd5 18. Be3 (18. Rxa5 Qxa5 19. Qxa5 Nd3+ 20. Bxd3 Rxa5 $18) 18... Nh6) 18. Qxa5 Qxa5+ 19. Rxa5 Bxc1 20. Rxc5 Ne7 (20... Be3 {was called for.}) 21. Kf2 {White is clearly winning.} Bh6 22. c7 Ra8 {[#]} 23. Ra1 $3 {[%mdl 512]} O-O (23... Rc8 24. Ba6) 24. Rxa8 Rxa8 25. Rb5 {Rb8+ is the strong threat.} Nc6 26. Rb6 {Weighted Error Value: White=0.26/Black=0.65} 1-0

[Event "NED-ch Women 2021"]
[Site "Hoogeveen"]
[Date "2021.10.22"]
[Round "6.3"]
[White "Ratsma, Rosa"]
[Black "Peng, Zhaoqin"]
[Result "0-1"]
[WhiteElo "2297"]
[BlackElo "2359"]
[Annotator "TA"]
[PlyCount "86"]
[EventDate "2021.10.17"]
[EventType "tourn"]
[EventCountry "NED"]
[SourceTitle "playchess.com"]
[Source "ChessBase"]
[SourceQuality "1"]

{[%evp 10,86,10,0,1,3,24,26,59,7,9,5,11,12,0,0,0,0,0,0,-1,-34,-29,-88,-86,-137,-133,-163,-141,-264,-266,-279,-257,-268,-266,-249,-202,-252,-182,-277,-174,-284,-268,-390,-393,-427,-411,-399,-419,-392,-314,-491,-377,-512,-481,-756,-749,-695,-596,-766,-736,-736,-731,-723,-660,-818,-804,-795,-832,-841,-804,-735,-629,-872,-800,-1106,-1072,-1283,-1202]} 1. e4 e6 2. d4 d5 3. Nc3 Bb4 4. exd5 exd5 5. Bd3 Nf6 6. a3 (6. Nf3 {is interesting.} O-O 7. O-O Re8 8. Re1 Be6 9. Bg5) 6... Bxc3+ {C01: French: Exchange Variation.} 7. bxc3 Bg4 (7... O-O {seems wilder.} 8. Ne2 Nbd7 9. O-O c5 10. Ng3 c4) 8. f3 Bh5 {White has an edge.} 9. Ne2 (9. Qe2+ $14 Kd7 10. Qf2) 9... Bg6 $11 10. O-O O-O 11. Bg5 Nbd7 {[#]} 12. Nf4 $146 ({Predecessor:} 12. Bxg6 hxg6 13. Ng3 c6 14. f4 Qa5 15. Qf3 Ne4 16. Nxe4 dxe4 17. Qxe4 Qxc3 18. Rae1 {1-0 (57) Korchagina,V (2056)-Toporkova,S (1852) St Petersburg 2014}) 12... Bxd3 13. Nxd3 h6 14. Bh4 Re8 15. Rb1 b6 16. f4 (16. a4 $11 {keeps the balance.}) 16... Qe7 $17 {Black keeps a firm grip on the game.} 17. Ne5 (17. Ra1 $142) 17... Qxa3 18. Qf3 Qd6 19. g4 (19. c4 $17) 19... Ne4 $19 20. Be1 c5 21. h4 f6 22. Nd3 c4 23. Nf2 Nxf2 24. Bxf2 (24. Rxf2 {was worth a try.} Re4 25. Bd2) 24... Re4 25. Bg3 (25. f5 {is a better defense.}) 25... f5 26. h5 (26. g5 $142) 26... Rae8 27. gxf5 Nf6 28. Bh4 Re3 29. Qg2 Nxh5 30. f6 (30. Qg4 {was called for.} Nf6 31. Qg6) 30... Re2 31. f7+ Kxf7 {Black is clearly winning.} 32. Qf3 (32. Qg4 $142 Qg6 33. Qxg6+ Kxg6 34. f5+ Kf7 35. Rbe1) 32... Qg6+ 33. Kh1 Qe4 34. Rb5 Qxf3+ 35. Rxf3 R8e3 36. Rxe3 Rxe3 {[%mdl 4096] Endgame KRB-KRN} 37. Kg1 Nxf4 38. Kf2 Rxc3 39. Bg3 Nh5 40. Bb8 Rxc2+ 41. Kf3 Rc3+ 42. Kf2 Nf6 43. Bxa7 Ra3 {Weighted Error Value: White=0.65/Black=0.16} 0-1

[Event "NED-ch Women 2021"]
[Site "Hoogeveen"]
[Date "2021.10.22"]
[Round "6.4"]
[White "Kazarian, Anna-Maja"]
[Black "Haast, Anne"]
[Result "0-1"]
[WhiteElo "2125"]
[BlackElo "2310"]
[Annotator "TA"]
[PlyCount "90"]
[EventDate "2021.10.17"]
[EventType "tourn"]
[EventCountry "NED"]
[SourceTitle "playchess.com"]
[Source "ChessBase"]
[SourceQuality "1"]

{[%evp 11,90,19,39,6,31,18,66,39,32,46,20,31,47,20,15,-9,0,0,39,-9,-10,-20,-10,-12,34,-15,-15,-35,-30,-50,-40,-56,-39,-35,-18,-36,-36,-36,-16,-29,0,-15,0,-77,0,0,0,-14,0,-26,-15,-43,-8,-30,10,-106,-108,-158,-176,-152,-133,-308,-291,-530,-522,-520,-514,-566,-566,-566,-566,-566,-566,-768,-764,-949,-836,-845,-829,-29977,-29978]} 1. e4 c5 2. Nf3 e6 3. d4 cxd4 4. Nxd4 Bc5 5. Nb3 Bb6 6. Nc3 Ne7 $1 7. g3 {B40: Sicilian: 2...e6, Unusual lines.} O-O 8. Bg2 f5 {[#]} 9. e5 $146 {White is slightly better.} ({Predecessor:} 9. exf5 Nxf5 10. O-O Nc6 11. a4 d5 12. a5 Nxa5 13. Nxa5 Bxa5 14. Nxd5 Kh8 15. Ne3 {1-0 (43) Drozdowski,K (2605)-Bersamina,P (2415) Chess.com INT 2017}) 9... f4 10. Bxf4 Ng6 11. Qg4 d5 12. O-O-O Nc6 13. Rhe1 Nxf4 14. gxf4 Bxf2 (14... a5 {keeps more tension.} 15. a4 Ne7 16. Nd4 Bxd4 17. Rxd4 Qb6) 15. Re2 (15. Rf1 {feels hotter.} Bb6 16. Qg3 Ne7 17. Bh3 Bd7 18. Ne2) 15... Qh4 16. Qxh4 Bxh4 17. Rf1 g6 18. Bh3 a6 19. Na4 {[#] Nb6 is the strong threat.} Bd8 20. Nac5 Re8 21. c3 b6 22. Nd3 Bd7 23. Kd2 Rc8 24. Rg2 Kf7 25. Bg4 Rh8 26. Be2 a5 27. Nbc1 (27. Nd4 $11 {remains equal.}) 27... Ne7 (27... d4 $17) 28. Nb3 $11 Nf5 {[%cal Be7f5,Bf5h4,Bh4f3][%mdl 32]} 29. Bg4 Nh4 30. Re2 Re8 31. Nd4 b5 (31... h5 $5 {[%cal Rh5g4]} 32. Bh3 b5 $15) 32. a3 Bb6 33. Bh3 (33. Re3 $1 $11 {keeps the balance.}) 33... Rc4 34. Nf3 Nxf3+ 35. Rxf3 d4 36. f5 $2 {This costs White the game.} (36. cxd4 $17 Bxd4 37. b3) 36... gxf5 ({Much less strong is} 36... exf5 37. e6+ Rxe6 38. Ne5+ Rxe5 39. Rxe5 $19) 37. Bxf5 $2 (37. cxd4 {keeps fighting.} Bc6 38. Rf1) 37... exf5 $19 38. e6+ Rxe6 39. Ne5+ {[#]} Rxe5 $1 40. Rxe5 dxc3+ 41. bxc3 f4 42. Kd3 Kf6 43. Re1 Bf5+ 44. Kd2 Be3+ 45. Ke2 Bg4 {Weighted Error Value: White=0.64/Black=0.16} 0-1